000 00363nam a22001337a 4500
008 250610b |||||||| |||| 00| 0 eng d
020 _a9788122310078
050 _aBL 126.2
_b.P 73
100 _aPrasoon Shrikant
245 _aIndia scriptures Vedic literature and Hindu religion
260 _aNew Delhi
_bHindooloy books
_c2008
300 _a293p
942 _cBK
999 _c3841
_d3841